000 00947nac a22002291u 4500
010 _a 2003068969
020 _a0131453203 (alk. paper)
020 _a0131273884
082 0 0 _a005.74
_bH6987
090 _c352
_d352
100 _aHoffer, Jeffrey A.
245 1 0 _aModern database management /
_cJeffrey A. Hoffer, Mary B. Prescott, Fred R. McFadden.
250 _a7th ed.
260 _aUpper Saddle River, N.J. :
_bPearson/ Prentice Hall,
_cc2005.
300 _axxxv, 700 p. :
_bill. ;
_c29 cm.
650 0 _aDatabase management.
700 1 _aPrescott, Mary B.
700 1 _aMcFadden, Fred R.,
_d1933-
942 _cBB
_k005.74H6987
999 _c352
_d352